000 00603nam a2200205Ia 4500
003 IN-BaIIA
008 211028s9999 xx 000 0 eng d
020 _a0-688-05889-2
040 _cIIA Library
080 _a52(091)
_bFER
100 _aFerris, T.
_916077
245 0 _aComing of age in the milky way
_cT. Ferris
260 _aNew York
_bWilliam Morrow
_c1988
300 _a495p.
650 _aAstronomy - History
_9900
650 _aAstronomy and astrophysics thesaurus
650 _aCosmology
650 _aMilky way galaxy
_91167
942 _cBK
999 _c9540
_d9540